00706cam a22002177a 4500003000500000005001700005008004100022010000900063011000900072035000900081040000900090100002700099245010200126260004000228300002000268500001000288502008100298650004000379650004100419650002800460CHAP20220329133348.0971013s1992 r 00010 d a5479 a6451 a5671 cCHAP00aHiguera Ayala, Sergio. 0aOrdenación territorial y propuesta de manejo para las áreas de recreo de Ixtapaluca, México aChapingo, Méx. :bEl autor,c1992 a138 h.b: ilus. a58-11 aTesis (Ing. Agr. Esp. en Bosques) -- UACH. División de Ciencias Forestales14aCultivosxZonas dexMéxico (Edo.)14aRecursos naturaleszMéxico (Edo.).14aTierrasxUtilización.